Quizz IFSI Rambouillet - Statistiques

Statistiques générales
  • Ce quiz a été pris 4 fois
  • Le résultat moyen est 11 sur 24
Statistiques - réponses
Questions IFSI Réponse % Correct
JE SUIS PAS SUSCEPTIBLE !! Nadia
75%
Qui fait trop la belle sur les réseaux ? Nadia
75%
Qui est la plus susceptible ? Nadia
75%
Qui est tarpin nul au foot ? Nathan
75%
J'ai un fils poilu ? (question tordu) Nathan
75%
Qui est trop gentil et se fait jamais respecter lol ? Nathan
75%
Valence est une station de ski Nathan
75%
j'AI uNe QUeStIONN !!!! Cassandra
50%
Qui a toujours une question ? Cassandra
50%
Qui est le plus étranger ? Luka
50%
Qui est élu mec le plus beau ? Luka
50%
Qui aime voler ? (c'est l'arabe?) Marwan
50%
Qui est le plus drôle ? Marwan
50%
Que ce qu'il s'est passé le 30 février 2022 ? Rien
50%
je suis le frère albinos d'Aurélie (la noire là) Alexis
25%
Qui est le plus grand de la promo ? Alexis
25%
Qui a une tête ronde ? Camille
25%
SHERK est son animal de compagnie ? Camille
25%
Fortinite ili babagiiii ? Fortnite
25%
QUI a disparue ? Ilona
25%
Qui s'appelle fleur ? Jasmin
25%
Le mec le plus investi dans la vie de classe ? Antonin
0%
Qui a rayer sa tchop ? Hannah
0%
Le garde du corps de la promo ? Pascal
0%
Aucun quiz correspondant
Distribution des résultats
% des personnes avec chaque résultat
Percentile par nombre de réponses
Votre historique - résultats
Vous n’avez pas pris ce quiz